000 01126nam a2200277 i 4500
001 bg
245 0 0 _aZasobnikowe układy wtryskowe Common Rail :
_binformator techniczny, wydanie 2005 /
_cBOSH ; [tł. z niem. Antoni Szulborski].
260 _aWarszawa :
_bWydawnictwa Komunikacji i Łączności,
_c2005.
300 _a92 s.
490 1 _aTechnika Samochodowa
500 _aNa okł. podtyt.: "przegląd układów do silników ZS samochodów osobowych i pojazdów użytkowych, wtryskiwacze piezoelektryczne, pompy wysokiego ciśnienia".
504 _aIndeks.
650 9 _aSilniki spalinowe
_xeksploatacja
650 9 _aUkład paliwowo-wtryskowy
_xeksploatacja
655 _aInformatory
700 1 _aSZULBORSKI, Antoni.
_eTł.
830 _aTechnika Samochodowa
020 _a8320615763
040 _cBPK
041 1 _apol
_hger
080 _a621.43(083.1)
920 _a83-206-1576-3
942 _cKA
008 s pl f |000 0 pol
999 _c35136
_d35136
856 _uhttp://koha.tu.koszalin.pl/cgi-bin/koha/opac-detail.pl?biblionumber=35136
_yKatalog online BPK